| 000 | 01122nam a2200277 a 4500 | ||
|---|---|---|---|
| 001 | BRCA_9148 | ||
| 005 | 20190320210534.0 | ||
| 008 | 260618s1992----u--a######---#000-0#eng-# | ||
| 020 | _a0300052405 | ||
| 041 | _aeng | ||
| 044 | _au | ||
| 050 | 4 |
_aNK2740 _b.B37 1992 |
|
| 100 | 1 |
_aBarquist, David L. _922553 |
|
| 245 | 1 | 0 |
_aAmerican Tables and Looking Glasses _bin the Mabel Brady Garvan and other collections at Yale University _cby David L. Barquist ; essays by Elisabeth Donaghy Garrett and Gerald W. R. Ward ; photographs by Charles Uht. |
| 260 |
_aNew Haven, Connecticut _bYale University Art Gallery _c1992 |
||
| 300 |
_a423 p. _bil. (algunas a color) _c26 cm. |
||
| 500 | _aIncluye índice alfabético | ||
| 610 | 2 | 4 |
_aColección Garvan (Universidad de Yale) _vCatálogos _922554 |
| 610 | 2 | 4 |
_aUniversidad de Yale _bGalería de Arte _vCatálogos _922555 |
| 650 | 1 | 4 |
_aMesas _vCatálogos _zEstados Unidos _922556 |
| 650 | 1 | 4 |
_aEspejos _vCatálogos _zEstados Unidos _922557 |
| 700 | 1 |
_aGarrett, Elisabeth Donaghy _922558 |
|
| 700 | 1 |
_aWard, Gerald W. R. _922559 |
|
| 700 | 1 |
_aUht, Charles _eil. _922560 |
|
| 942 |
_2lcc _cB |
||
| 999 |
_c8795 _d8795 |
||